000 00578nam a2200193 i 4500
001 71153
003 ES-MaACL
005 20250825224016.0
007 t|
008 040805s1910 ag |||| | spa d
080 _a059.9(82)
100 1 _aGauna Vélez, Eduardo.
_956016
245 1 0 _aAño argentino
_b: efemérides patrias para todos los días del año /
_cEduardo Gauna Velez.
260 _aBuenos Aires :
_bGabant y Cia.,
_c1910.
300 _a226 p. ;
_c19 cm.
651 4 _aArgentina-
_xHistoria
_97807
852 _aES-MaACL
_jD-631
999 _c71153
_d71153